Statistics for Случайный Город к Стране #1

Click here to take the quiz!

General Stats

  • This quiz has been taken 1 077 times
  • The average score is 12 of 20

Answer Stats

ГородСтрана% Correct
ТунисТунис
100%
ТомскРоссия
100%
ПарижФранция
97%
ЕреванАрмения
96%
СиднейАвстралия
96%
ПекинКитай
96%
АлматыКазахстан
96%
ВенаАвстрия
95%
ВашингтонСША
95%
БразилиаБразилия
95%
ЯрославльРоссия
95%
ХарьковУкраина
94%
КиевУкраина
94%
Нью-ДелиИндия
94%
ДонецкУкраина
94%
БерлинГермания
94%
КрасноярскРоссия
94%
ШанхайКитай
93%
МехикоМексика
93%
ТокиоЯпония
93%
РимИталия
92%
ЛондонВеликобритания
92%
ТверьРоссия
92%
АстраханьРоссия
92%
СтамбулТурция
92%
МиланИталия
91%
ГонконгКитай
91%
КостромаРоссия
91%
ОдессаУкраина
91%
Нью-ЙоркСША
91%
АфиныГреция
91%
ПсковРоссия
91%
КаирЕгипет
91%
ЧикагоСША
90%
КарагандаКазахстан
90%
ГрозныйРоссия
90%
Буэнос-АйресАргентина
90%
КопенгагенДания
90%
ДубайОАЭ
90%
ТулаРоссия
89%
ЛьвовУкраина
89%
ТюменьРоссия
88%
ДнепропетровскУкраина
88%
АлжирАлжир
88%
АрхангельскРоссия
88%
КерчьРоссия
88%
БарселонаИспания
88%
ВаршаваПольша
88%
Лос-АнджелесСША
88%
СеулЮжная Корея
88%
МадридИспания
88%
ФиладельфияСША
88%
МинскБеларусь
87%
ТбилисиГрузия
87%
ХельсинкиФинляндия
87%
АстанаКазахстан
87%
КанберраАвстралия
87%
ДелиИндия
87%
МахачкалаРоссия
87%
КёльнГермания
87%
ГамбургГермания
86%
НюрнбергГермания
86%
ЯкутскРоссия
86%
ВенецияИталия
86%
БишкекКиргизия
86%
КраковПольша
85%
ИвановоРоссия
85%
КурскРоссия
85%
ПетрозаводскРоссия
85%
ДалласСША
85%
МонакоМонако
84%
КалугаРоссия
83%
БелгородРоссия
83%
Эль-КувейтКувейт
83%
НовокузнецкРоссия
83%
ХиросимаЯпония
83%
КишинёвМолдова
83%
Сан-ДиегоСША
83%
ЛюксембургЛюксембург
83%
БелградСербия
83%
СингапурСингапур
83%
БакуАзербайджан
83%
ДжибутиДжибути
82%
БернШвейцария
82%
ПрагаЧехия
82%
ВильнюсЛитва
82%
ЧебоксарыРоссия
82%
Сан-ФранцискоСША
81%
ТаллинЭстония
81%
ТашкентУзбекистан
81%
Улан-УдэРоссия
81%
Рио-де-ЖанейроБразилия
81%
ПанамаПанама
81%
НеапольИталия
81%
ЛиссабонПортугалия
80%
МюнхенГермания
80%
ВатиканВатикан
79%
ДжакартаИндонезия
79%
ГуанчжоуКитай
79%
Сан-СальвадорСальвадор
79%
ПхеньянСеверная Корея
78%
Абу-ДабиОАЭ
78%
НижневартовскРоссия
78%
РигаЛатвия
78%
ОслоНорвегия
77%
МарсельФранция
77%
АмстердамНидерланды
76%
БратиславаСловакия
76%
НагасакиЯпония
76%
РоттердамНидерланды
75%
БангкокТаиланд
75%
ТегеранИран
75%
ЛиверпульВеликобритания
75%
СараевоБосния и Герцеговина
75%
БудапештВенгрия
75%
СофияБолгария
75%
ЗагребХорватия
75%
БарнаулРоссия
74%
ШтуттгартГермания
74%
ОттаваКанада
73%
Йошкар-ОлаРоссия
73%
Тель-АвивИзраиль
73%
МайамиСША
72%
ТольяттиРоссия
72%
БрюссельБельгия
72%
ТоронтоКанада
72%
БагдадИрак
72%
СкопьеСеверная Македония
71%
Эр-РиядСаудовская Аравия
71%
СиэтлСША
70%
ЛюблянаСловения
70%
КабулАфганистан
70%
ПусанЮжная Корея
70%
ДублинИрландия
70%
БатумиГрузия
69%
ЖеневаШвейцария
69%
ЭдинбургВеликобритания
69%
Франкфурт-на-МайнеГермания
69%
МанилаФилиппины
68%
СургутРоссия
68%
СантьягоЧили
68%
СтокгольмШвеция
68%
БисауГвинея-Бисау
68%
ДалласСША
67%
ЛимаПеру
67%
ОсакаЯпония
66%
МанчестерВеликобритания
66%
СтрасбургФранция
65%
НикосияКипр
65%
АлександрияЕгипет
65%
МанагуаНикарагуа
65%
ГватемалаГватемала
64%
СевильяИспания
64%
ДушанбеТаджикистан
64%
ГомельБеларусь
64%
ЦюрихШвейцария
63%
ГаагаНидерланды
63%
АнкараТурция
63%
МонреальКанада
62%
ДаккаБангладеш
62%
ЛионФранция
62%
КейптаунЮАР
61%
ЗальцбургАвстрия
61%
ВаленсияИспания
61%
БрестБеларусь
61%
ПортуПортугалия
60%
МеккаСаудовская Аравия
59%
ИсламабадПакистан
59%
ХанойВьетнам
58%
ВаллеттаМальта
58%
ДуйсбургГермания
58%
БирмингемВеликобритания
57%
ДодомаТанзания
57%
ДохаКатар
57%
АугсбургГермания
57%
ХьюстонСША
57%
АнтверпенБельгия
56%
БременГермания
56%
ПознаньПольша
56%
МумбаиИндия
56%
МакаоКитай
55%
ВьентьянЛаос
55%
СалоникиГреция
55%
АугсбургГермания
55%
ДамаскСирия
54%
КалькуттаИндия
54%
БейрутЛиван
53%
ГаванаКуба
52%
Куала-ЛумпурМалайзия
52%
Сан-ПаулуБразилия
52%
МельбурнАвстралия
52%
МединаСаудовская Аравия
52%
ВанкуверКанада
52%
АнтананаривуМадагаскар
50%
ОклендНовая Зеландия
50%
БраззавильРеспублика Конго
50%
ШымкентКазахстан
50%
БлумфонтейнЮАР
50%
ВеллингтонНовая Зеландия
50%
НьюкаслВеликобритания
50%
ДюссельдорфГермания
50%
АделаидаАвстралия
50%
ЙоханнесбургЮАР
49%
КасабланкаМарокко
49%
ИзмирТурция
48%
ГётеборгШвеция
48%
Аддис-АбебаЭфиопия
48%
МонтевидеоУругвай
48%
ТулузаФранция
48%
НайробиКения
47%
БалтиморСША
47%
Сан-ТомеСан-Томе и Принсипи
47%
АшхабадТуркмения
47%
ОрлеанФранция
46%
БрюггеБельгия
46%
НейпьидоМьянма
46%
Пальма-де-МайоркаИспания
46%
НиамейНигер
45%
КаракасВенесуэла
44%
ПномпеньКамбоджа
44%
ФиниксСША
44%
ДортмундГермания
44%
ВиндхукНамибия
43%
ТихуанаМексика
43%
БоготаКолумбия
43%
МаскатОман
42%
РабатМарокко
42%
ГлазгоВеликобритания
41%
ГаборонеБотсвана
41%
МалеМальдивы
41%
КатмандуНепал
41%
ДижонФранция
40%
ГизаЕгипет
39%
КингстонЯмайка
39%
ТуринИталия
39%
ТебризИран
39%
ДакарСенегал
39%
ЛагосНигерия
39%
ПреторияЮАР
38%
АлеппоСирия
38%
ЧендуКитай
38%
АккраГана
38%
МарракешМарокко
38%
ДубровникХорватия
38%
НуакшотМавритания
38%
ВарнаБолгария
38%
ФуншалПортугалия
37%
ЗанзибарТанзания
36%
Порт-МорсбиПапуа-Новая Гвинея
36%
ЛуандаАнгола
36%
ХарбинКитай
36%
ЭссенГермания
36%
АбуджаНигерия
35%
ЯмусукроКот-д'Ивуар
35%
КиншасаДРК
35%
МалагаИспания
35%
АкапулькоМексика
34%
СаппороЯпония
34%
КоломбоШри-Ланка
34%
СанаЙемен
34%
МапутуМозамбик
34%
НагояЯпония
34%
БильбаоИспания
33%
НанкинКитай
33%
БельмопанБелиз
33%
СплитХорватия
32%
БергенНорвегия
32%
Санто-ДомингоДоминикана
32%
АсмэраЭритрея
32%
ГанноверГермания
31%
ЛилльФранция
31%
КарачиПакистан
30%
МальмоШвеция
30%
МогадишоСомали
30%
ФритаунСьерра-Леоне
30%
ЯундеКамерун
30%
Порт-о-ПренсГаити
29%
ЛусакаЗамбия
29%
ЯнгонМьянма
29%
ХарареЗимбабве
27%
МонтеррейМексика
27%
ЛибревильГабон
26%
ТегусигальпаГондурас
26%
МонровияЛиберия
26%
ГвадалахараМексика
26%
ЧеннаиИндия
25%
Нови-СадСербия
25%
СурабаяИндонезия
24%
УагадугуБуркина-Фасо
24%
БужумбураБурунди
24%
АмманИордания
23%
БурсаТурция
23%
ХошиминВьетнам
22%
АденЙемен
22%
БамакоМали
21%
ЛилонгвеМалави
21%
МангеймГермания
21%
БангиЦАР
21%
ХартумСудан
20%
МедельинКолумбия
19%
ИнсбрукАвстрия
18%
ДуалаКамерун
18%
ГитегаБурунди
18%
КонакриГвинея
17%
РиекаХорватия
17%
НджаменаЧад
17%
БриджтаунБарбадос
17%
МомбасаКения
17%
Бандар-Сери-БегаванБруней
16%
АбиджанКот-д'Ивуар
16%
ДурбанЮАР
16%
КампалаУганда
15%
КанкунМексика
14%
ЛахорПакистан
14%
КигалиРуанда
14%
Бора-БораФранция
14%
МостарБосния и Герцеговина
13%
Кесон-СитиФилиппины
13%
ЧиттагонгБангладеш
11%
МандалайМьянма
11%
КаноНигерия
10%
Дар-эс-СаламТанзания
8%
Белу-ОризонтиБразилия
8%
ПулаХорватия
8%
Порт-оф-СпейнТринидад и Тобаго
8%

Score Distribution

Percentile by Number Answered

Percent of People with Each Score

Your Score History

You have not taken this quiz